Leaders of East Germany quiz - Statistics

General Stats
  • This quiz has been taken 52 times
  • The average score is 3 of 7
Answer Stats
Hint Answer % Correct
1971-1989 Erich Honecker
100%
1950-1971 Walter Ulbricht
88%
1989-1989 Egon Krenz
55%
1946-1950 Wilhelm Pieck
48%
1946-1950 Otto Grotewohl
30%
1990 Hans Modrow
18%
1990 Lothar De Maiziere
10%
No matching quizzes found
Score Distribution
Percent of People with Each Score
Percentile by Number Answered
Your Score History
You have not taken this quiz